000 00534nam a22001817a 4500
999 _c18493
_d18493
003 AR-CdUCM
008 190514b ||||| |||| 00| 0 spa d
040 _aMUNICIPALIDAD PROVINCIAL DEL CUSCO
_cBIBLIOTECA MUNICIPAL DEL CUSCO
082 _a803 /
_bH59
100 _aHitchcock, Alfred.
_939026
245 _aCuentos que mi madre nunca me contó /
260 _aEspaña :
_bBruguera,
_c1964.
300 _a422 páginas ;
_c21 cm.
500 _aCuentos.
650 _aCuentos.
_9217
942 _2ddc
_cLIBROS
945 _arum
_d2019-05-14